Sports Quiz

Random Sports or Basketball Quiz

Phoenix Suns All-Time Leaders Quiz Stats

Quiz Updated May 17, 2018

Challenge
Share
Tweet
Embed
Score 0/50 Timer 06:00
4 Plays Today
% Correct
Steve Nash
97.3%
Steve Nash
97.3%
Steve Nash
94.8%
Amare Stoudemire
87.1%
Amare Stoudemire
87.1%
Amare Stoudemire
87.1%
Charles Barkley
86.5%
Kevin Johnson
76.2%
Kevin Johnson
76.2%
Kevin Johnson
76.2%
Shawn Marion
71.7%
Shawn Marion
71.7%
Shawn Marion
71.7%
Shawn Marion
71.6%
Dan Majerle
49.4%
Dan Majerle
49.4%
Dan Majerle
49.4%
Dan Majerle
49.4%
Jason Kidd
48.2%
Jason Kidd
48.2%
Mark West
33.3%
Mark West
33.3%
Walter Davis
32.5%
Walter Davis
32.4%
Walter Davis
32.4%
% Correct
Jeff Hornacek
27.2%
Jeff Hornacek
27.2%
Paul Westphal
26.7%
Paul Westphal
26.7%
Paul Westphal
26.7%
Alvan Adams
25.8%
Alvan Adams
25.8%
Alvan Adams
25.8%
Alvan Adams
25.8%
Alvan Adams
25.8%
Larry Nance
22.2%
Larry Nance
22.2%
Larry Nance
22.2%
Larry Nance
22.2%
Oliver Miller
18.9%
Connie Hawkins
16.3%
Dick Van Arsdale
15%
Dick Van Arsdale
15%
Alex Len
14.4%
Gar Heard
11.4%
Neal Walk
8.9%
Alvin Scott
7.4%
Paul Silas
6.8%
Andrew Lang
5.9%
Jay Humphries
3.5%

You're not logged in!

Compare scores with friends on all Sporcle quizzes.
Join for Free
OR
Log In

You Might Also Like...

Show Comments

Extras

Top Quizzes Today


Score Distribution

Your Account Isn't Verified!

In order to create a playlist on Sporcle, you need to verify the email address you used during registration. Go to your Sporcle Settings to finish the process.

Report this User

Report this user for behavior that violates our Community Guidelines.

Details: